000 00422nam a2200145 a 4500
001 000037704
005 20201002031114.0
008 121115s2012 dr 000 0 spa d
020 _a9789945489064
040 _aDO-SdBNP
_bspa
_cBNPHU
100 1 _aCepeda, Ginni
_964165
245 1 0 _aHistorias inequívocas :
_bcuentos breves /
_cGinni Cepeda.
260 _aSanto Domingo :
_bSantuario,
_c2012.
300 _a97 p. : ;
_c23 cm.
999 _c37194
_d37194